| 000 | 01052nam a2200361 a 4500 | ||
|---|---|---|---|
| 003 | AR-BaBNM | ||
| 005 | 20251128203004.0 | ||
| 008 | 082120s2002 ||||||||||||||000 | spa|| | ||
| 040 | _cAR-BaBNM | ||
| 100 | 1 | _aRebora, Juan Carlos | |
| 245 | 0 | 0 |
_aInstituciones de la familia _breseña histórica, crisis, reconstrucción _n1 |
| 260 |
_aBuenos Aires _bKraft _c1945 |
||
| 300 | _a564 p. | ||
| 500 | _aContiene un listado de las obras del autor | ||
| 500 | _aIndice de materias p. 523-544 | ||
| 500 | _aIndice metódico p. 545-564 | ||
| 600 | 1 | 4 | _aAlberdi, Juan Bautista |
| 600 | 1 | 4 | _aBelgrano, Manuel |
| 600 | 1 | 4 | _aRivadavia, Bernardino |
| 600 | 1 | 4 |
_aSarmiento, Domingo Faustino _d1868-1874 |
| 600 | 1 | 4 | _aVélez Sarsfield, Dalmacio |
| 650 | 4 | _aDERECHO DE FAMILIA | |
| 650 | 4 | _aHISTORIA DEL DERECHO | |
| 650 | 4 | _aDERECHO INDIGENA | |
| 650 | 4 | _aNIÑOS | |
| 650 | 4 | _aMATRIMONIO | |
| 650 | 4 | _aMUJERES | |
| 650 | 4 | _aESTATUTOS | |
| 650 | 4 | _aLEGISLACION ARGENTINA | |
| 650 | 4 | _aDERECHO MATRIMONIAL | |
| 942 | _cBK | ||
| 998 | _cAndrea | ||
| 999 |
_c1398 _d1398 |
||